[Event "Calvi Rapid Open 2019"]
[Site "Calvi"]
[Date "2019.05.18"]
[Round "1.1"]
[White "Howell, David W L"]
[Black "Lovichi, Raphael"]
[Result "1-0"]
[WhiteElo "2698"]
[BlackElo "1400"]
[Annotator "TA"]
[PlyCount "53"]
[EventDate "2019.05.18"]
[EventType "rapid"]
[EventCountry "FRA"]
[SourceTitle "playchess.com"]
[Source "ChessBase"]
[SourceQuality "1"]

{[%evp 13,53,-32,-23,-20,0,-25,-23,-9,0,0,-3,-6,0,-44,-44,-33,-12,-27,0,0,79,0,0,-18,0,0,42,15,16,24,26,21,63,72,502,170,147,158,879,891,1382,1396]} 1. c3 c5 2. f4 d5 3. d3 Nc6 4. Nf3 Nf6 5. g3 e6 6. Bg2 Be7 7. O-O O-O 8. Na3 {A03: Bird's Opening with 1...d5} (8. a4 b6 9. Na3 Bb7 10. Qc2 Rc8 11. e4 Nb4 12. Qe2 dxe4 13. dxe4 Qd3 14. Re1 Qxe2 15. Rxe2 Nd3 16. e5 Nd5 17. Ne1 Nxe1 18. Rxe1 {½-½ (39) Stremavicius,T (2448)-Krupenski,J (2417) Liepaja 2017}) 8... a6 9. Qe1 Qc7 10. e4 {Black has an edge.} dxe4 11. dxe4 b5 12. e5 Nd5 $146 ({Predecessor:} 12... Nd7 13. Be3 Bb7 14. Qf2 Rac8 15. Rad1 Na5 {0-1 (82) Ferencak,N-Fodor,I (2068) Croatia 2012}) 13. c4 bxc4 14. Nxc4 Ncb4 15. Qe2 Bb7 16. Bd2 $36 {[%mdl 2048] White is more active.} Rfd8 {[#]} (16... Nb6 $11) 17. a3 ({White should play} 17. f5 $1 $16) 17... Nc6 $11 18. Rac1 Rac8 19. Rfd1 Qb8 20. Be1 (20. Bc3 $5) 20... Nd4 21. Nxd4 cxd4 22. Bf2 d3 23. Rxd3 Nc7 $2 {[%mdl 8192] [#]} (23... a5 $16 {is more resistant.}) 24. Nb6 $2 (24. Bxb7 Qxb7 25. Rxd8+ Rxd8 26. Na5) 24... Rxd3 $18 25. Nxc8 Rd8 $2 (25... Rd7 $16) 26. Nxe7+ Kf8 27. Bc5 {Accuracy: White = 44%, Black = 14%.} 1-0

[Event "Calvi Rapid Open 2019"]
[Site "Calvi"]
[Date "2019.05.18"]
[Round "1.2"]
[White "De Basquiat, Guilhem"]
[Black "Astaneh Lopez, Alex"]
[Result "0-1"]
[WhiteElo "1323"]
[BlackElo "2430"]
[Annotator "TA"]
[PlyCount "82"]
[EventDate "2019.05.18"]
[EventType "rapid"]
[EventCountry "FRA"]
[SourceTitle "playchess.com"]
[Source "ChessBase"]
[SourceQuality "1"]

{[%evp 9,81,-14,-6,-8,12,-30,-33,-30,-28,-52,-24,-60,-27,-43,-38,-58,-32,-90,0,-32,-29,-30,-23,-36,-24,-31,-3,-60,-13,0,62,54,33,-46,-31,-42,-16,-274,-266,-277,-270,-274,-272,-281,-288,-277,-210,-362,-365,-484,-481,-596,-585,-634,-614,-583,-486,-647,-610,-693,-558,-668,-660,-815,-792,-1896,-1797,-29963,-29965,-29997,-29998,-29998,-29999,-29999]} 1. g3 d5 2. Bg2 c6 3. d3 e5 4. Nf3 Bd6 5. O-O Nf6 6. Bg5 {A00: Irregular Openings} (6. c4 h6 7. Nc3 d4 8. Na4 O-O 9. b4 Re8 10. Rb1 Bf5 11. b5 Qc8 12. e3 dxe3 13. Bxe3 Bh3 14. Nc3 Bxg2 15. Kxg2 a6 {½-½ (15) Bauer,C (2628)-Vachier Lagrave,M (2758) Saint-Quentin 2014}) 6... Nbd7 7. Nbd2 $146 (7. e4 $5) ({Predecessor:} 7. e4 dxe4 8. dxe4 Nc5 9. Nc3 O-O 10. b4 Na6 11. a3 h6 12. Bxf6 Qxf6 13. Na4 Bg4 {½-½ (40) Wolf,V (2315)-Kindermann,S (2490) Germany 1987}) 7... h6 8. Bxf6 $1 {Black is slightly better.} Nxf6 9. e4 O-O 10. a3 Re8 11. Re1 Bg4 12. Qc1 d4 13. c4 (13. h3 $15 Be6 14. Nc4) 13... dxc3 (13... b6 $17) 14. Qxc3 Bc7 15. Rad1 Nd7 16. h3 Bh5 17. Nc4 Qf6 18. d4 (18. g4 $11 Bg6 19. d4) 18... exd4 19. Rxd4 Nb6 (19... Qe7 $11) 20. e5 $14 Qe7 $1 21. Rh4 ({White should play} 21. Nd6 $14) 21... Bg6 $36 {[%mdl 2048] Black has good play.} 22. Rg4 Bf5 23. Rf4 $2 {[%mdl 8192]} (23. Nd6 $11 Bxg4 24. Nxe8 Rxe8 25. hxg4) 23... Nd5 $1 $19 {[%csl LRc3,LRf4][%mdl 64] [#] Double Attack} 24. Qd4 Nxf4 25. Qxf4 Be6 26. Nd6 Bxd6 27. exd6 Qd7 28. Nd4 $2 (28. Rd1) 28... Rad8 ({Don't do} 28... Bxh3 29. Rc1 $19) 29. Re4 Qxd6 30. Nxe6 Rxe6 31. Qe3 Rxe4 32. Qxe4 {[%mdl 4096] Endgame KQR-KQB} h5 33. Qf5 g6 34. Qg5 Kg7 35. Kh2 {[#]} Qf6 $1 36. Qe3 Qxb2 37. Qxa7 Rd2 38. Qe3 Rxf2 {Black mates.} 39. h4 Rxg2+ 40. Kh1 Rh2+ 41. Kg1 Qg2# {Accuracy: White = 17%, Black = 43%.} 0-1

[Event "Calvi Rapid Open 2019"]
[Site "Calvi"]
[Date "2019.05.18"]
[Round "1.3"]
[White "Petrosyan, Armen"]
[Black "Castagnerol, Ambroise"]
[Result "1-0"]
[WhiteElo "2409"]
[BlackElo "1406"]
[Annotator "NA"]
[PlyCount "25"]
[EventDate "2019.05.18"]
[EventType "rapid"]
[EventCountry "FRA"]
[SourceTitle "playchess.com"]
[Source "ChessBase"]
[SourceQuality "1"]
[TimeControl "600+3"]

1. e4 {[%emt 0:00:00]} e6 {[%emt 0:00:00]} 2. d4 {[%emt 0:00:05]} d5 {[%emt 0:00:00]} 3. Nc3 {[%emt 0:00:04]} Nf6 {[%emt 0:00:05]} 4. Bg5 {[%emt 0:00:06]} Be7 {[%emt 0:00:09]} 5. e5 {[%emt 0:00:05]} Nfd7 {[%emt 0:00:03]} 6. h4 {[%emt 0:00:05]} Bxg5 {[%emt 0:00:20]} 7. hxg5 {[%emt 0:00:02]} Qxg5 {[%emt 0:00:09]} 8. Nh3 {[%emt 0:00:10]} Qd8 {[%emt 0:00:09]} 9. Qg4 {[%emt 0:00:31]} O-O {[%emt 0:00:30]} 10. Ng5 {[%emt 0:02:12]} h6 {[%emt 0:00:30]} 11. Rxh6 {[%emt 0:00:32]} Re8 {[%emt 0:03:53]} 12. Qh5 {[%emt 0:01:12]} Qxg5 {[%emt 0:01:53]} 13. Rh8# {[%emt 0:00:03]} 1-0

[Event "Calvi Rapid Open 2019"]
[Site "Calvi"]
[Date "2019.05.18"]
[Round "1.4"]
[White "Barbolosi, Jean Baptiste"]
[Black "Massoni, Michael"]
[Result "0-1"]
[WhiteElo "1235"]
[BlackElo "2339"]
[Annotator "NA"]
[PlyCount "54"]
[EventDate "2019.05.18"]
[EventType "rapid"]
[EventCountry "FRA"]
[SourceTitle "playchess.com"]
[Source "ChessBase"]
[SourceQuality "1"]
[TimeControl "600+3"]

1. e4 {[%emt 0:00:00]} c5 {[%emt 0:00:01]} 2. Nf3 {[%emt 0:00:00]} d6 {[%emt 0:00:04]} 3. d4 {[%emt 0:00:02]} cxd4 {[%emt 0:00:05]} 4. Nxd4 {[%emt 0:00:01]} Nf6 {[%emt 0:00:02]} 5. Nc3 {[%emt 0:00:02]} e6 {[%emt 0:00:02]} 6. Bd3 {[%emt 0:00:30]} Be7 {[%emt 0:00:05]} 7. O-O {[%emt 0:00:03]} O-O {[%emt 0:00:05]} 8. f4 {[%emt 0:00:03]} Nc6 {[%emt 0:00:16]} 9. Nb3 {[%emt 0:00:06]} a6 {[%emt 0:00:13]} 10. Be3 {[%emt 0:00:41]} b5 {[%emt 0:00:28]} 11. a3 {[%emt 0:01:13]} Qc7 {[%emt 0:00:18]} 12. Rc1 {[%emt 0:00:14]} Bb7 {[%emt 0:00:57]} 13. Qd2 {[%emt 0:01:45]} Ng4 {[%emt 0:00:51]} 14. h3 {[%emt 0:01:04]} Nxe3 {[%emt 0:00:06]} 15. Qxe3 {[%emt 0:00:02]} Rfe8 {[%emt 0:01:52]} 16. Ne2 {[%emt 0:00:33]} Bf6 {[%emt 0:00:52]} 17. c3 {[%emt 0:00:34]} g6 {[%emt 0:00:14]} 18. Ned4 {[%emt 0:00:27]} Bg7 {[%emt 0:00:23]} 19. Nxc6 {[%emt 0:01:14]} Bxc6 {[%emt 0:00:05]} 20. Nd4 {[%emt 0:00:04]} Qa7 {[%emt 0:00:24]} 21. Rfe1 {[%emt 0:00:18]} Bd7 {[%emt 0:00:03]} 22. Nf3 {[%emt 0:00:19]} Qxe3+ {[%emt 0:00:22]} 23. Rxe3 {[%emt 0:00:01]} Bh6 {[%emt 0:00:09]} 24. g3 {[%emt 0:00:38]} e5 {[%emt 0:00:04]} 25. Kg2 {[%emt 0:00:38]} exf4 {[%emt 0:00:05]} 26. gxf4 {[%emt 0:00:02]} Bxf4 {[%emt 0:00:04]} 27. Re2 {[%emt 0:00:05]} Bxc1 {[%emt 0:00:04]} 0-1

[Event "Calvi Rapid Open 2019"]
[Site "Calvi"]
[Date "2019.05.18"]
[Round "2.1"]
[White "Porsia, Pietro"]
[Black "Howell, David W L"]
[Result "0-1"]
[WhiteElo "1709"]
[BlackElo "2698"]
[Annotator "TA"]
[PlyCount "60"]
[EventDate "2019.05.18"]
[EventType "rapid"]
[EventCountry "FRA"]
[SourceTitle "playchess.com"]
[Source "ChessBase"]
[SourceQuality "1"]

{[%evp 19,63,25,16,0,6,-135,-131,-109,-84,-141,-127,-156,-149,-242,-233,-220,-196,-216,-185,-279,-229,-310,-277,-340,-257,-269,-263,-325,-318,-342,-347,-447,-336,-546,-556,-710,-752,-825,-800,-829,-809,-821,-808,-814,-813,-29992]} 1. d4 d6 2. Nf3 g6 3. g3 Bg7 4. Bg2 Nf6 5. O-O O-O 6. c4 Nbd7 7. Nc3 e5 8. dxe5 dxe5 9. e4 c6 10. Qc2 Qe7 11. Be3 {E68: King's Indian: Fianchetto: 6...Nbd7 7 0-0 e5 8 e4} (11. h3 Ne8 12. Bg5 f6 13. Be3 Nc7 14. Rad1 Qf7 15. b3 Ne6 16. Rd6 Re8 17. Rfd1 Bf8 18. R6d2 a5 {0-1 (49) Mohannad,F (2243)-Demchenko,A (2649) Beirut 2017}) 11... Ng4 12. Rad1 $146 (12. Bg5 $11 f6 13. Bc1) ({Predecessor:} 12. Bd2 Nc5 13. h3 Nf6 14. Rad1 a5 15. Be3 Nfd7 16. Rfe1 Ne6 17. Rd2 f5 18. exf5 gxf5 {½-½ (35) Rivas Maceda,J (2377)-Van der Plas,R (2261) ICCF email 2015}) 12... Nxe3 $17 13. fxe3 {Black is clearly better.} a5 14. a3 ({White should play} 14. Bh3) 14... Bh6 15. Qe2 Nc5 16. b4 (16. h3 $17) 16... axb4 $19 17. axb4 Na6 18. b5 Nc5 19. Ne1 (19. Ra1 $142 Rxa1 20. Rxa1) 19... Be6 20. Nf3 Ra3 21. Rc1 f6 22. Rfe1 Rd8 23. bxc6 bxc6 {White must now prevent ...Nd3.} 24. Red1 Rb8 25. Rd2 Kg7 26. h4 $2 (26. Rdc2 {might work better.}) 26... Nb3 {[%mdl 64] [#] Double Attack. Black is clearly winning.} 27. Rb1 Nxd2 {[%mdl 64] Discovered Attack} 28. Rxb8 Nxf3+ 29. Bxf3 Rxc3 {[%mdl 64] Double Attack} 30. Qb2 Bxe3+ {Played: Rc3-d3} 0-1

[Event "Calvi Rapid Open 2019"]
[Site "Calvi"]
[Date "2019.05.18"]
[Round "2.2"]
[White "Astaneh Lopez, Alex"]
[Black "Porsia, Enzo"]
[Result "1-0"]
[WhiteElo "2430"]
[BlackElo "1752"]
[Annotator "TA"]
[PlyCount "63"]
[EventDate "2019.05.18"]
[EventType "rapid"]
[EventCountry "FRA"]
[SourceTitle "playchess.com"]
[Source "ChessBase"]
[SourceQuality "1"]

{[%evp 10,63,47,32,53,51,49,45,60,58,61,61,63,62,75,74,81,80,83,81,92,77,95,110,110,95,84,93,114,107,162,146,207,210,262,253,264,219,281,279,403,408,497,502,607,584,556,254,244,251,770,759,29980,29981,29981,29982]} 1. e4 e5 2. Nf3 Nc6 3. Bc4 Bc5 4. O-O d6 5. c3 Bg4 6. h3 Bxf3 {C50: Hungarian Defence and Giuoco Pianissimo} (6... Bh5 7. b4 Bb6 8. d3 Nge7 9. Re1 O-O 10. Nbd2 Kh8 11. a4 a6 12. Qb3 f5 13. Be6 fxe4 14. dxe4 {0-1 (28) Druska,J (2395)-Efimenko,Z (2649) Slovakia 2015}) 7. Qxf3 {[%csl Gc4][%cal Rf3f7] [#]} Qf6 8. Qg3 (8. Qe2 {keeps more tension.} a5 9. d3 Nge7 10. Nd2 O-O 11. a4) 8... Qg6 $146 {White is slightly better.} ({Predecessor:} 8... Nge7 9. d3 Qg6 10. Qxg6 Nxg6 11. a4 Bb6 12. Be3 Nce7 13. Na3 c6 14. Nc2 {1-0 (50) Walter,M (1993)-Mais,M (1875) Postbauer 1998}) 9. Qxg6 hxg6 10. b4 Bb6 11. a4 $36 {[%mdl 2048] [#] Strongly threatening a5. Black is under pressure.} a5 12. b5 Nce7 13. d3 Nf6 14. Nd2 O-O 15. Nf3 c6 16. Ba3 Nc8 17. bxc6 bxc6 18. Rab1 Rd8 19. Ba2 Nh5 (19... Ra7 $16 {keeps fighting.}) 20. Rfd1 Nf4 (20... Ra7 $16 21. Rb2 Rc7) 21. Kf1 Ne6 22. d4 exd4 23. cxd4 ({Much less strong is} 23. Nxd4 $6 Nxd4 24. cxd4 Ra7 $16) 23... d5 24. Ne5 dxe4 (24... Nxd4 $142 25. Bb2 Re8 26. Bxd4 Bxd4) 25. Nxc6 $18 Rd7 26. d5 Nf4 27. d6 Nd3 28. Ne7+ (28. Bd5 $142) 28... Nxe7 29. dxe7 ({Don't do} 29. Rxb6 $6 Nc8) 29... Bc5 $2 (29... Bxf2 30. Rb5 Bh4) 30. Bxc5 Nxc5 31. Rxd7 Nxd7 32. Rd1 {Accuracy: White = 86%, Black = 29%.} 1-0

[Event "Calvi Rapid Open 2019"]
[Site "Calvi"]
[Date "2019.05.18"]
[Round "2.3"]
[White "Simeoni, Lisandru"]
[Black "Petrosyan, Armen"]
[Result "0-1"]
[WhiteElo "1760"]
[BlackElo "2409"]
[Annotator "NA"]
[PlyCount "86"]
[EventDate "2019.05.18"]
[EventType "rapid"]
[EventCountry "FRA"]
[SourceTitle "playchess.com"]
[Source "ChessBase"]
[SourceQuality "1"]
[TimeControl "600+3"]

1. e4 {[%emt 0:00:00]} c6 {[%emt 0:00:00]} 2. d4 {[%emt 0:00:01]} d5 {[%emt 0:00:02]} 3. Nc3 {[%emt 0:00:02]} dxe4 {[%emt 0:00:07]} 4. Nxe4 {[%emt 0:00:04]} Nf6 {[%emt 0:00:10]} 5. Ng3 {[%emt 0:00:32]} e6 {[%emt 0:03:39]} 6. Nf3 {[%emt 0:00:18]} c5 {[%emt 0:00:09]} 7. Bg5 {[%emt 0:01:15]} cxd4 {[%emt 0:00:51]} 8. Qxd4 {[%emt 0:02:41]} Qxd4 {[%emt 0:00:04]} 9. Nxd4 {[%emt 0:00:04]} a6 {[%emt 0:00:02]} 10. O-O-O {[%emt 0:00:36]} Be7 {[%emt 0:01:04]} 11. Bxf6 {[%emt 0:01:17]} Bxf6 {[%emt 0:00:08]} 12. Kb1 {[%emt 0:00:37]} Bd7 {[%emt 0:00:15]} 13. Nh5 {[%emt 0:00:10]} Nc6 {[%emt 0:00:35]} 14. Nxf6+ {[%emt 0:00:27]} gxf6 {[%emt 0:00:02]} 15. Nb3 {[%emt 0:00:01]} Ne5 {[%emt 0:00:48]} 16. Be2 {[%emt 0:00:49]} Bc6 {[%emt 0:00:13]} 17. f3 {[%emt 0:00:36]} Rg8 {[%emt 0:00:24]} 18. Rhg1 {[%emt 0:00:17]} Rd8 {[%emt 0:00:29]} 19. f4 {[%emt 0:00:28]} Rxd1+ {[%emt 0:00:12]} 20. Rxd1 {[%emt 0:00:06]} Ng4 {[%emt 0:00:27]} 21. Bxg4 {[%emt 0:00:08]} Rxg4 {[%emt 0:00:01]} 22. g3 {[%emt 0:00:01]} h5 {[%emt 0:00:11]} 23. Na5 {[%emt 0:00:04]} Be4 {[%emt 0:00:05]} 24. Nc4 {[%emt 0:00:10]} Ke7 {[%emt 0:00:06]} 25. Ne3 {[%emt 0:00:08]} Rg8 {[%emt 0:00:04]} 26. Rd4 {[%emt 0:00:01]} f5 {[%emt 0:00:02]} 27. Nc4 {[%emt 0:00:05]} h4 {[%emt 0:00:06]} 28. Ne5 {[%emt 0:00:01]} f6 {[%emt 0:00:27]} 29. Nd3 {[%emt 0:00:15]} hxg3 {[%emt 0:00:03]} 30. hxg3 {[%emt 0:00:01]} Rxg3 {[%emt 0:00:02]} 31. b3 {[%emt 0:00:01]} Bxd3 {[%emt 0:00:11]} 32. cxd3 {[%emt 0:00:02]} e5 {[%emt 0:00:01]} 33. fxe5 {[%emt 0:00:02]} fxe5 {[%emt 0:00:01]} 34. Rd5 {[%emt 0:00:03]} Ke6 {[%emt 0:00:02]} 35. Rd8 {[%emt 0:00:02]} f4 {[%emt 0:00:01]} 36. Kc2 {[%emt 0:00:02]} Rg2+ {[%emt 0:00:03]} 37. Kd1 {[%emt 0:00:09]} Rxa2 {[%emt 0:00:02]} 38. Rb8 {[%emt 0:00:01]} b5 {[%emt 0:00:02]} 39. Rb6+ {[%emt 0:00:01]} Kd5 {[%emt 0:00:03]} 40. Rb8 {[%emt 0:00:02]} f3 {[%emt 0:00:00]} 41. Ke1 {[%emt 0:00:02]} Kd4 {[%emt 0:00:07]} 42. Rf8 {[%emt 0:00:08]} Ke3 {[%emt 0:00:02]} 43. Kf1 {[%emt 0:00:02]} Ra1# {[%emt 0:00:01]} 0-1

[Event "Calvi Rapid Open 2019"]
[Site "Calvi"]
[Date "2019.05.18"]
[Round "2.4"]
[White "Massoni, Michael"]
[Black "Autran, Yann"]
[Result "1-0"]
[WhiteElo "2339"]
[BlackElo "1918"]
[Annotator "NA"]
[PlyCount "83"]
[EventDate "2019.05.18"]
[EventType "rapid"]
[EventCountry "FRA"]
[SourceTitle "playchess.com"]
[Source "ChessBase"]
[SourceQuality "1"]
[TimeControl "600+3"]

1. d4 {[%emt 0:00:00]} d5 {[%emt 0:00:00]} 2. c4 {[%emt 0:00:02]} c6 {[%emt 0:00:00]} 3. Nf3 {[%emt 0:00:06]} Nf6 {[%emt 0:00:01]} 4. e3 {[%emt 0:00:02]} e6 {[%emt 0:00:42]} 5. Bd3 {[%emt 0:00:31]} Nbd7 {[%emt 0:00:07]} 6. O-O {[%emt 0:00:21]} Bd6 {[%emt 0:00:09]} 7. b3 {[%emt 0:00:05]} e5 {[%emt 0:02:36]} 8. dxe5 {[%emt 0:00:55]} Nxe5 {[%emt 0:00:01]} 9. Bb2 {[%emt 0:00:31]} Nxd3 {[%emt 0:00:14]} 10. Qxd3 {[%emt 0:00:03]} O-O {[%emt 0:01:36]} 11. cxd5 {[%emt 0:00:59]} cxd5 {[%emt 0:00:49]} 12. Nbd2 {[%emt 0:00:12]} Bg4 {[%emt 0:00:14]} 13. Rac1 {[%emt 0:00:56]} Bh5 {[%emt 0:00:19]} 14. Bxf6 {[%emt 0:02:15]} Qxf6 {[%emt 0:00:01]} 15. Qxd5 {[%emt 0:00:06]} Bg6 {[%emt 0:00:23]} 16. Ne4 {[%emt 0:00:08]} Bxe4 {[%emt 0:00:07]} 17. Qxe4 {[%emt 0:00:02]} Rab8 {[%emt 0:00:23]} 18. Rfd1 {[%emt 0:00:19]} Rfd8 {[%emt 0:00:38]} 19. Rd4 {[%emt 0:00:50]} g6 {[%emt 0:01:28]} 20. Rcd1 {[%emt 0:00:17]} Bc7 {[%emt 0:00:34]} 21. Rxd8+ {[%emt 0:00:21]} Rxd8 {[%emt 0:00:07]} 22. Rxd8+ {[%emt 0:00:19]} Qxd8 {[%emt 0:00:01]} 23. g3 {[%emt 0:00:03]} b6 {[%emt 0:00:29]} 24. h4 {[%emt 0:00:09]} a5 {[%emt 0:00:09]} 25. Kg2 {[%emt 0:00:28]} Qd7 {[%emt 0:00:03]} 26. Qa8+ {[%emt 0:00:22]} Kg7 {[%emt 0:00:00]} 27. Qe4 {[%emt 0:00:03]} Bd8 {[%emt 0:00:04]} 28. Qd4+ {[%emt 0:00:02]} Qxd4 {[%emt 0:00:02]} 29. Nxd4 {[%emt 0:00:01]} Be7 {[%emt 0:00:01]} 30. a4 {[%emt 0:00:01]} f5 {[%emt 0:00:04]} 31. Kf3 {[%emt 0:00:05]} Bd6 {[%emt 0:00:02]} 32. e4 {[%emt 0:00:16]} Bc5 {[%emt 0:00:01]} 33. Ne6+ {[%emt 0:00:03]} Kf6 {[%emt 0:00:01]} 34. Nxc5 {[%emt 0:00:12]} bxc5 {[%emt 0:00:01]} 35. Kf4 {[%emt 0:00:00]} fxe4 {[%emt 0:00:03]} 36. Kxe4 {[%emt 0:00:00]} Ke6 {[%emt 0:00:00]} 37. f3 {[%emt 0:00:03]} Kd6 {[%emt 0:00:05]} 38. g4 {[%emt 0:00:05]} Ke6 {[%emt 0:00:11]} 39. f4 {[%emt 0:00:01]} h5 {[%emt 0:00:00]} 40. gxh5 {[%emt 0:00:07]} gxh5 {[%emt 0:00:00]} 41. f5+ {[%emt 0:00:01]} Kf6 {[%emt 0:00:00]} 42. Kf4 {[%emt 0:00:01]} 1-0

[Event "Calvi Rapid Open 2019"]
[Site "Calvi"]
[Date "2019.05.18"]
[Round "3.1"]
[White "Howell, David W L"]
[Black "Utrera, Ludovic"]
[Result "1-0"]
[WhiteElo "2698"]
[BlackElo "1995"]
[Annotator "TA"]
[PlyCount "101"]
[EventDate "2019.05.18"]
[EventType "rapid"]
[EventCountry "FRA"]
[SourceTitle "playchess.com"]
[Source "ChessBase"]
[SourceQuality "1"]

{[%evp 11,101,24,35,9,32,11,9,25,9,19,26,32,21,10,30,28,38,8,22,39,43,54,52,45,68,56,48,13,13,16,7,15,30,36,91,51,50,43,44,70,52,48,68,52,96,96,114,120,128,135,171,169,132,130,172,157,347,340,337,337,325,308,311,293,329,241,319,281,363,359,1317,1317,12847,1266,12842,12847,29948,29952,29936,8541,29959,29963,29960,29959,29955,29964,29968,29954,29959,29971,10106,7320]} 1. d4 Nf6 2. Nf3 g6 3. Nc3 Bg7 4. e4 d6 5. h3 c6 6. Bd3 O-O 7. Bg5 {B08: Pirc Defence: Classical System} (7. O-O Re8 8. Bf4 Qb6 9. Rb1 Nbd7 10. e5 dxe5 11. dxe5 Nd5 12. Nxd5 cxd5 13. Qd2 Nc5 14. Rfe1 Nxd3 15. cxd3 {1-0 (67) Hovhannisyan,R (2637)-Aronian,L (2765) St Petersburg 2018}) 7... Nbd7 8. e5 dxe5 9. dxe5 {The position is equal.} Nd5 10. Nxd5 cxd5 11. Qe2 Nc5 12. O-O $146 ({Predecessor:} 12. O-O-O Nxd3+ 13. Qxd3 Bf5 14. Qxd5 Qc7 {1-0 (62) McDonald,N (2490)-Dunnington,A (2420) London 1997}) 12... Re8 13. Bb5 Bd7 14. Rad1 Bxb5 15. Qxb5 Rc8 16. c4 a6 17. Qb4 Ne4 18. Rxd5 Qc7 19. Bh4 Qxc4 20. Qxc4 Rxc4 21. Rd7 b5 22. Bxe7 h6 (22... Nc5 $14 23. Bxc5 Rxc5) 23. Rfd1 Rc2 24. Re1 $36 {[%mdl 2048] White fights for an advantage.} Nc5 $1 {[%cal Rc5d7]} 25. Bxc5 Rxc5 26. Ra7 Rc2 27. Rd1 Bxe5 28. Re1 f6 29. Rxa6 Rxb2 30. Nxe5 fxe5 31. Rxg6+ $16 {[%mdl 4096] Endgame KRR-KRR} Kh7 32. Ra6 Rf8 33. Rxe5 {Black must now prevent Re7+.} Rf7 $2 {[#]} (33... Rfxf2 $16 34. Re7+ Kg8) 34. Rh5 Rfxf2 35. Rhxh6+ ({And not} 35. Raxh6+ Kg7 $11) 35... Kg7 36. Rhg6+ Kf7 37. Rg5 Rfc2 38. a3 Ra2 {If only Black now had time for ...b4....} 39. Rb6 Rcb2 40. Rbxb5 Rxb5 $2 {[#]} (40... Rc2 41. Ra5 Kf6) 41. Rxb5 $18 Rxa3 {KR-KR} 42. Kh2 (42. h4 $142 Ra4 43. h5) 42... Kg6 43. h4 Kh6 44. g3 Rc3 45. Kh3 Rc4 46. Rb6+ Kg7 47. h5 Rd4 48. g4 Kh7 49. Kh4 Rd5 50. Rb7+ Kg8 51. h6 {Accuracy: White = 76%, Black = 15%.} 1-0

[Event "Calvi Rapid Open 2019"]
[Site "Calvi"]
[Date "2019.05.18"]
[Round "3.2"]
[White "Marty, Brice"]
[Black "Astaneh Lopez, Alex"]
[Result "0-1"]
[WhiteElo "2063"]
[BlackElo "2430"]
[Annotator "TA"]
[PlyCount "24"]
[EventDate "2019.05.18"]
[EventType "rapid"]
[EventCountry "FRA"]
[SourceTitle "playchess.com"]
[Source "ChessBase"]
[SourceQuality "1"]

{[%evp 9,58,25,38,0,5,-11,-8,-124,-132,-129,-130,-129,-125,-123,-117,-121,-111,-109,-107,-101,-91,-89,-59,-115,-93,-101,-98,-106,-112,-114,-99,-106,-97,-205,-206,-197,-202,-191,-187,-336,-332,-412,-410,-372,-372,-439,-432,-1124,-929,-1332,-900]} 1. e4 c6 2. Nc3 d5 3. Nf3 dxe4 4. Nxe4 Nf6 5. Qe2 Be6 (5... Qd5 6. Nc3 Qh5 7. Qe5 Qxe5+ 8. Nxe5 Bf5 9. Bc4 e6 10. d3 Nbd7 11. Nxd7 Nxd7 12. O-O Be7 13. a4 {0-1 (51) Harikrishna,P (2729)-Karjakin,S (2753) Kolkata 2018}) 6. Nxf6+ {B11: Caro-Kann: Two Knights Variation} exf6 7. d3 $146 ({Predecessor:} 7. Qd1 Bg4 8. Be2 Bc5 9. d3 O-O 10. O-O Bb6 11. Bf4 Bc7 12. h3 Bh5 13. Be3 Qd6 14. Qc1 Bxf3 15. Bxf3 Qh2# {0-1 (15) Vasiliauskas,A-Dikcus,S Kaunas 2017}) 7... Bd6 8. Nd4 (8. Be3 $11 {keeps the balance.}) 8... Bb4+ $17 {[%mdl 64] Discovered Attack} 9. c3 Qxd4 $1 10. cxb4 Qxb4+ 11. Qd2 Na6 12. Be2 Qxd2+ {Played: Ra8-d8} 0-1

[Event "Calvi Rapid Open 2019"]
[Site "Calvi"]
[Date "2019.05.18"]
[Round "3.3"]
[White "Petrosyan, Armen"]
[Black "Massardo, Quentin"]
[Result "1-0"]
[WhiteElo "2409"]
[BlackElo "1970"]
[Annotator "NA"]
[PlyCount "49"]
[EventDate "2019.05.18"]
[EventType "rapid"]
[EventCountry "FRA"]
[SourceTitle "playchess.com"]
[Source "ChessBase"]
[SourceQuality "1"]
[TimeControl "600+3"]

1. e4 {[%emt 0:00:00]} e5 {[%emt 0:00:00]} 2. Nf3 {[%emt 0:00:02]} Nc6 {[%emt 0:00:00]} 3. Bb5 {[%emt 0:00:03]} Nf6 {[%emt 0:00:01]} 4. O-O {[%emt 0:00:07]} Bc5 {[%emt 0:00:24]} 5. Nxe5 {[%emt 0:00:14]} Nxe5 {[%emt 0:00:03]} 6. d4 {[%emt 0:00:01]} a6 {[%emt 0:00:14]} 7. Be2 {[%emt 0:00:08]} Bb6 {[%emt 0:00:50]} 8. dxe5 {[%emt 0:00:14]} Nxe4 {[%emt 0:00:01]} 9. Qd5 {[%emt 0:02:25]} Ng5 {[%emt 0:01:43]} 10. Na3 {[%emt 0:01:26]} c6 {[%emt 0:01:40]} 11. Qd3 {[%emt 0:00:30]} O-O {[%emt 0:00:56]} 12. Nc4 {[%emt 0:00:06]} Bc7 {[%emt 0:00:01]} 13. f4 {[%emt 0:00:34]} Ne6 {[%emt 0:00:01]} 14. Be3 {[%emt 0:00:58]} f5 {[%emt 0:01:41]} 15. a4 {[%emt 0:00:50]} b6 {[%emt 0:00:27]} 16. Nd6 {[%emt 0:00:20]} Qe7 {[%emt 0:00:22]} 17. Nxf5 {[%emt 0:00:34]} Qb4 {[%emt 0:00:16]} 18. c3 {[%emt 0:00:11]} Qb3 {[%emt 0:00:12]} 19. Rf3 {[%emt 0:01:04]} a5 {[%emt 0:00:43]} 20. Ne7+ {[%emt 0:00:11]} Kf7 {[%emt 0:00:01]} 21. Nxc8 {[%emt 0:00:16]} Raxc8 {[%emt 0:00:04]} 22. Qxd7+ {[%emt 0:00:00]} Kg8 {[%emt 0:00:05]} 23. Ra3 {[%emt 0:00:08]} Qxb2 {[%emt 0:00:11]} 24. Qxe6+ {[%emt 0:00:04]} Kh8 {[%emt 0:00:02]} 25. Qa2 {[%emt 0:00:03]} 1-0